| 000 | 00384pam a2200157a 44500 | ||
|---|---|---|---|
| 008 | 230515b2000 xxu||||| |||| 00| 0 eng d | ||
| 020 | _aNULL | ||
| 041 | _aENG | ||
| 082 | _a650 | ||
| 100 | _aPSN MENON NKG NAIR A PARTHASARTHY | ||
| 245 | _aI A P TEXT BOOK OF PEDIATRICS | ||
| 250 | _a0 | ||
| 260 |
_aNULL _b"JAYPEE BROTHERS, NEW DELHI," _c2000 |
||
| 300 | _a918 | ||
| 650 | _aN.D. | ||
| 999 |
_c521356 _d521356 |
||